Quantitative Investment Analysis (Record no. 18950)
[ view plain ]
| 000 -LEADER | |
|---|---|
| fixed length control field | 00502nam a22001817a 4500 |
| 008 - FIXED-LENGTH DATA ELEMENTS--GENERAL INFORMATION | |
| fixed length control field | 210531b xxu||||| |||| 00| 0 eng d |
| 020 ## - INTERNATIONAL STANDARD BOOK NUMBER | |
| International Standard Book Number | 1119743620 |
| 050 ## - LIBRARY OF CONGRESS CALL NUMBER | |
| Classification number | HG4529 |
| Item number | .Q36 2015 c.1 |
| 245 ## - TITLE STATEMENT | |
| Title | Quantitative Investment Analysis |
| Statement of responsibility, etc. | DeFusco, Richard A. [et ... al.]. |
| 250 ## - EDITION STATEMENT | |
| Edition statement | 4th ed. |
| 260 ## - PUBLICATION, DISTRIBUTION, ETC. (IMPRINT) | |
| Place of publication, distribution, etc. | New Jersey |
| Name of publisher, distributor, etc. | Wiley |
| Date of publication, distribution, etc. | 2015 |
| 300 ## - PHYSICAL DESCRIPTION | |
| Extent | xix, 921p. |
| 650 ## - SUBJECT ADDED ENTRY--TOPICAL TERM | |
| Topical term or geographic name as entry element | Investment |
| 700 ## - ADDED ENTRY--PERSONAL NAME | |
| Personal name | McLeavey, Dennis W. |
| 700 ## - ADDED ENTRY--PERSONAL NAME | |
| Personal name | Pinto, Jerald E. |
| 700 ## - ADDED ENTRY--PERSONAL NAME | |
| Personal name | Runkle, David E. |
| 942 ## - ADDED ENTRY ELEMENTS (KOHA) | |
| Source of classification or shelving scheme | Library of Congress Classification |
| Koha item type | General Collection |
| Withdrawn status | Lost status | Source of classification or shelving scheme | Not for loan | Home library | Current library | Date acquired | Total Checkouts | Full call number | Barcode | Date last seen | Price effective from | Koha item type |
|---|---|---|---|---|---|---|---|---|---|---|---|---|
| Library of Congress Classification | Kabarak, Main Campus | Kabarak, Main Campus | 31/05/2021 | HG4529 .Q36 2015 c.1 | 032919 | 31/05/2021 | 31/05/2021 | General Collection | ||||
| Library of Congress Classification | Kabarak, Main Campus | Kabarak, Main Campus | 31/05/2021 | HG4529 .Q36 2015 c.2 | 032920 | 31/05/2021 | 31/05/2021 | General Collection | ||||
| Library of Congress Classification | Kabarak, Nakuru City Campus | Kabarak, Nakuru City Campus | 31/05/2021 | HG4529 .Q36 2015 c.1 | 032921 | 31/05/2021 | 31/05/2021 | General Collection |